[Event "44th BAN-ch OMICON 2018"]
[Site "Dhaka"]
[Date "2018.11.25"]
[Round "1"]
[White "Ikramul, Haq Siam"]
[Black "Islam, Kh. Aminul"]
[Result "0-1"]
[WhiteElo "2100"]
[BlackElo "2253"]
[Annotator "TA"]
[PlyCount "130"]
[EventDate "2018.11.24"]
[EventType "swiss"]
[EventCountry "BAN"]
[SourceTitle "playchess.com"]
[Source "ChessBase"]
[SourceQuality "1"]

{[%evp 15,130,13,37,-9,7,-50,-19,-19,-17,-24,-22,-27,-11,-24,-6,-19,-27,-18,-32,-41,-43,-55,-59,-97,-98,-90,-74,-75,-70,-116,-94,-123,-116,-118,-129,-120,-118,-123,-130,-131,-122,-119,-133,-137,-120,-127,-120,-181,-183,-164,-107,-190,-189,-188,-178,-180,-33,-29,-37,-40,-35,-275,-262,-268,-256,-264,-270,-267,-172,-307,-185,-319,-278,-243,-263,-383,-352,-311,-152,-61,-52,-62,-11,-30,-30,-59,-60,-772,-587,-5222,-4431,-1427,-587,-2417,-6103,-6103,-2117,-29970,-29971,-29978,-29979,-29979,-29980,-29979,-29977,-29977,-29974,-29974,-29976,-29976,-29976,-29976,-29976,-29976,-29977,-29977,-29975]} 1. d4 Nf6 2. Bg5 Ne4 3. Bf4 c5 4. d5 Qb6 5. Bc1 e6 6. f3 Nf6 7. e4 {A45: Trompowsky Attack} exd5 8. exd5 Bd6 {LiveBook: 12 Games} 9. Nc3 {White is slightly better.} O-O 10. Nh3 $146 (10. Bc4 $11) ({Predecessor:} 10. Bc4 a6 11. a4 Qc7 12. g3 Re8+ 13. Nge2 Be5 14. O-O d6 {½-½ (29) Izsak,G (2471)-Bagi,M (2334) Hungary 2012}) 10... Re8+ 11. Be2 Be5 12. Nf2 d6 13. O-O Nbd7 14. Kh1 Nf8 15. a4 Bxc3 16. bxc3 Nxd5 $1 17. Qxd5 {Ne4 is the strong threat.} Rxe2 18. Ne4 Be6 19. Qxd6 Qxd6 20. Nxd6 Rxc2 21. Nxb7 Rxc3 22. Ra3 Rc2 23. Be3 Nd7 24. Rf2 Rxf2 25. Bxf2 Rb8 26. Nd6 Rb1+ 27. Bg1 a6 28. Ne4 c4 29. h3 h6 30. Kh2 f5 31. Nc5 {[#]} (31. Ng3 $17) 31... Rxg1 $1 $19 {[%mdl 512]} 32. Nxe6 {[%mdl 4096] Endgame KRN-KRN} (32. Kxg1 Nxc5) 32... Rc1 (32... Re1 $19 33. Nc7 a5) 33. Kg3 (33. Nd4 $17 {keeps fighting.}) 33... Kf7 34. Nd4 Kf6 35. Re3 Rd1 (35... Nc5 $19 {Strongly threatening ...g5.} 36. Re8 Rd1) 36. Re6+ $15 Kf7 37. Rd6 Nc5 38. Rc6 $2 (38. Nxf5 $15 Rxd6 39. Nxd6+ Ke6 40. Nxc4) 38... Rxd4 $19 39. Rxc5 {KR-KR} Ke6 40. Kf2 Kd6 41. Rc8 f4 42. Ke2 (42. h4 $142) 42... Kd5 43. a5 (43. h4 $142) 43... Rd3 44. Ra8 Ra3 45. Rxa6 (45. Kd2 {only move.}) 45... Ra2+ 46. Kd1 {[#]} Rxg2 (46... Kd4 $1 $19 {and Black stays clearly on top.} 47. Rd6+ Ke3) 47. Ra8 $17 g5 48. a6 Kc6 (48... Ra2 $1 $15 49. a7 Kc6 50. Rc8+ Kb7 {[%mdl 64] Double Attack} 51. Rxc4 Rxa7) 49. Rh8 {Hoping for a7.} Ra2 50. Rxh6+ Kd5 51. Rg6 $2 {[%mdl 8192]} (51. h4 $15 gxh4 52. Rxh4) 51... Kd4 $19 52. Rxg5 {intending Rg6.} Rxa6 53. h4 Ke3 (53... Kd3 $142 {[%cal Ra6a1]} 54. Rd5+ Ke3) 54. Rc5 Ra1+ 55. Kc2 Kxf3 (55... Rh1 $142 56. Rxc4 Kxf3) 56. Rxc4 Kg3 {Black mates.} 57. Rc8 f3 58. Rg8+ Kxh4 59. Rh8+ Kg3 60. Rg8+ Kf2 61. Rf8 Ra7 62. Kd3 Re7 63. Kd2 Rd7+ 64. Kc2 Ke2 65. Re8+ Kf1 {Accuracy: White = 28%, Black = 60%.} 0-1

[Event "44th BAN-ch OMICON 2018"]
[Site "Dhaka"]
[Date "2018.11.25"]
[Round "1"]
[White "Ghosh, Chanchal Kumer"]
[Black "Abu Sufian, Shakil"]
[Result "0-1"]
[WhiteElo "2069"]
[BlackElo "2230"]
[Annotator "TA"]
[PlyCount "132"]
[EventDate "2018.11.24"]
[EventType "swiss"]
[EventCountry "BAN"]
[SourceTitle "playchess.com"]
[Source "ChessBase"]
[SourceQuality "1"]

{[%evp 12,132,0,0,0,0,0,-3,1,5,22,-2,49,42,44,28,1,16,18,0,0,0,0,0,-7,-25,-23,-39,-35,-46,-28,-59,-29,-67,-17,-22,-19,-47,-14,-24,-21,-19,-18,-40,-33,-39,-25,-46,-26,-32,-21,-23,0,-4,0,-12,0,0,0,0,0,0,0,0,0,0,0,0,0,0,0,0,0,0,0,-35,-35,-42,-2,-55,-80,-88,-79,-62,-35,-220,-220,-173,-165,-442,-368,-368,-368,-366,-361,-346,-335,-312,-287,-1234,-936,-4775,-4775,-4775,-4775,-4770,-4770,-4770,-4770,-4762,-3253,-29976,-29977,-29985,-29986,-29986,-29985,-29985,-29986,-29989,-29990,-29996,-29997]} 1. e4 c6 2. Nc3 d5 3. Nf3 Nf6 4. e5 Ne4 5. Nxe4 (5. Ne2 Qb6 6. d4 e6 7. Ng3 c5 8. Bd3 Nxg3 9. hxg3 cxd4 10. Nxd4 Nc6 11. Nf3 Bd7 12. c3 O-O-O 13. O-O {1-0 (30) Andriasian,Z (2591)-Vidit,S (2718) chess.com INT 2018}) 5... dxe4 6. Ng5 {B11: Caro-Kann: Two Knights Variation} Qd5 7. Qe2 {LiveBook: 6 Games} Bf5 8. g4 {The position is equal.} Bg6 $1 9. Bg2 Qxe5 10. Nxe4 e6 11. c3 Be7 $146 (11... Qc7 $11) ({Predecessor:} 11... h5 12. d4 Qc7 {0-1 (29) Wikner,A (2241)-Donchenko,A (2573) Stockholm 2016}) 12. d4 $14 Qc7 13. h4 h5 14. Ng3 {[%cal Rg4h5]} hxg4 15. Qxg4 {[#] h5 is the strong threat.} Nd7 16. h5 Nf6 17. Qf3 Bc2 18. h6 gxh6 19. Rxh6 Rxh6 20. Bxh6 Qb6 21. b3 Qa5 {Threatening ...Bxb3!} 22. b4 Qd5 23. Kd2 Bg6 24. Qxd5 Nxd5 (24... cxd5 {looks sharper.} 25. Bg5 a5 26. b5 Kd7 27. a4 Rh8) 25. Bxd5 cxd5 26. a4 Kd7 27. Rh1 a5 28. b5 Rc8 29. Be3 Ba3 30. Ne2 Bb2 31. Bf4 b6 32. f3 Ke7 33. Rh6 Kd7 34. Be5 Bf5 (34... Ba3 {is interesting.} 35. Nf4 Bb1 36. Rh1 Bf5 37. Rh5 Bb1) 35. Rh8 Rxh8 36. Bxh8 $11 {[%mdl 4096] Endgame KBB-KBN} Ba3 37. Bg7 Be7 38. Bh6 f6 39. Bf4 Bf8 40. Ng3 Bg6 41. Nf1 Bg7 42. Be3 Kc7 43. f4 Bf8 44. Ng3 Kd7 45. Ne2 (45. f5 $11 Bxf5 46. Nxf5 exf5 47. Ke1) 45... Bd6 $15 46. Nc1 Ke7 47. Nd3 Kf7 48. Nc5 $2 (48. Nb2 $15) 48... bxc5 $19 49. dxc5 Bb8 50. b6 $2 {[#]} (50. c6) 50... d4 $1 51. cxd4 Be4 52. Kc3 {White hopes to continue with Kc4.} Bc6 53. Kb3 Ke7 54. Bd2 Kd7 55. f5 $2 (55. Bc1) 55... exf5 {[%cal Be6f5,Bf5f4,Bf4f3][%mdl 32]} 56. Bxa5 Bd5+ 57. Kc2 Kc6 58. Be1 f4 59. Kd3 f5 {[%cal Bf6f5,Bf5f4][%mdl 32]} 60. Bh4 f3 61. Ke3 Bh2 {Black mates.} 62. Kf2 f4 63. a5 Kb5 64. b7 Bxb7 65. Kf1 Bg3 66. Bf6 Bd5 {Accuracy: White = 48%, Black = 63%.} 0-1

[Event "44th BAN-ch OMICON 2018"]
[Site "Dhaka"]
[Date "2018.11.25"]
[Round "1"]
[White "Jabed Al Azad"]
[Black "Mehdi Hasan Parag"]
[Result "0-1"]
[WhiteElo "2008"]
[BlackElo "2218"]
[Annotator "TA"]
[PlyCount "90"]
[EventDate "2018.11.24"]
[EventType "swiss"]
[EventCountry "BAN"]
[SourceTitle "playchess.com"]
[Source "ChessBase"]
[SourceQuality "1"]

{[%evp 20,90,0,0,0,-18,-18,-15,-17,-18,-15,-27,0,-22,-12,-64,-19,-14,-10,-45,-35,-37,-41,-36,-36,-46,-37,-81,-81,-81,-81,-92,-72,-104,-92,-104,-104,-104,-89,-97,-44,-84,-59,-204,-193,-204,-204,-206,-182,-205,-191,-357,-363,-363,-363,-354,-355,-349,-353,-316,-286,-379,-364,-609,-597,-676,-670,-670,-618,-745,-739,-726,-732]} 1. e4 c6 2. d4 d5 3. Nc3 dxe4 4. Nxe4 Bf5 5. Ng3 Bg6 6. Nf3 e6 7. h4 h6 8. Bd3 Bxd3 9. Qxd3 Nf6 {B19: Classical Caro-Kann: 4...Bf5 main line} 10. Bd2 Be7 11. O-O-O {LiveBook: 4 Games} O-O {The position is equal.} 12. Ne4 (12. Kb1 c5 13. Ne4 Nbd7 14. dxc5 Nxc5 15. Nxf6+ Bxf6 16. Qc4 Qb6 17. c3 {1-0 (58) Polgar,J (2696)-Mamedyarov,S (2753) Geneve 2013}) 12... Nxe4 13. Qxe4 {[#] Strongly threatening Ng5!} Qd5 14. Qxd5 cxd5 15. Ne5 $146 ({Predecessor:} 15. g4 Nc6 16. g5 h5 17. Rhe1 {1-0 (66) Kokeny,G (2058)-Gelle,I (2254) Hungary 2015}) 15... Bd6 16. f4 h5 17. Rhf1 (17. g4 $11) 17... Nc6 18. Nxc6 bxc6 19. Rde1 Rfe8 20. Kd1 g6 21. Rf3 Rab8 22. Rb3 Rb5 23. Rxb5 cxb5 $15 {[%mdl 4096] Endgame KRB-KRB} 24. Ke2 Rc8 25. Rc1 Kg7 26. Kf3 Rc4 27. Be3 Be7 28. g3 a5 29. Bd2 Bf6 (29... Bb4 $17 30. c3 Bd6) 30. c3 Rc8 31. a4 ({White should play} 31. Ke2 $15) 31... bxa4 $19 32. Ra1 {[#]} Rc4 $1 33. Ke2 Bd8 34. Rb1 Bc7 35. b3 $2 (35. Rg1 {might work better.}) 35... axb3 36. Rxb3 a4 37. Rb7 Ba5 38. Kd3 a3 39. Rb1 Bc7 40. Ra1 Bd6 41. Ra2 $2 (41. Kc2) 41... Kf6 {Black is clearly winning.} 42. Ke2 Kf5 43. Kf3 Rc8 44. Rc2 Ra8 45. Ra2 Rb8 {Accuracy: White = 29%, Black = 65%.} 0-1

[Event "44th BAN-ch OMICON 2018"]
[Site "Dhaka"]
[Date "2018.11.25"]
[Round "1"]
[White "Swadhin, Sarkar"]
[Black "Anata, Choudhury"]
[Result "1-0"]
[WhiteElo "1875"]
[BlackElo "2141"]
[Annotator "TA"]
[PlyCount "65"]
[EventDate "2018.11.24"]
[EventType "swiss"]
[EventCountry "BAN"]
[SourceTitle "playchess.com"]
[Source "ChessBase"]
[SourceQuality "1"]

{[%evp 14,65,10,0,8,12,10,5,8,7,20,13,25,0,6,-26,43,0,8,7,6,-14,-23,-33,-14,-22,0,0,128,0,0,0,0,-3,69,59,60,71,59,68,69,68,152,151,141,151,162,162,158,125,180,184,29998,29999]} 1. d4 Nf6 2. Nf3 g6 3. e3 Bg7 4. Bd3 O-O 5. O-O c5 6. c3 d6 7. Nbd2 Nc6 8. Qe2 {LiveBook: 10 Games} cxd4 {A48: 1 d4 Nf6 2 Nf3 g6: Torre, London and Colle Systems} 9. exd4 e5 10. dxe5 dxe5 {The position is equal.} 11. Ne4 Qc7 $146 ({Predecessor:} 11... Nd5 12. Bc4 Nb6 13. Bg5 Qc7 14. Nf6+ Kh8 15. Bb3 Bf5 16. Nd5 Nxd5 17. Bxd5 {0-1 (55) Bejatovic,B (2016)-Cawdery,D (2362) Skopje 2014}) 12. Nxf6+ Bxf6 13. Bh6 Re8 14. Ng5 Qe7 (14... Bg7 $1 $11 15. Bxg7 Kxg7) 15. Qe3 Bg7 16. Bxg7 Kxg7 17. Bc4 f6 18. Nf3 Bd7 19. Rad1 Nd8 20. Rd2 Ne6 {[#]} (20... Be6 $11 21. Rfd1 Nf7 22. Bxe6 Qxe6) 21. g3 (21. Nxe5 $1 $16 fxe5 22. Qxe5+ Kh6 23. Re1) 21... Bc6 $11 22. Rfd1 Rad8 23. Bd5 Qc7 ({Black should try} 23... Rxd5 $11 24. Rxd5 Bxd5 25. Rxd5 b6) 24. Qxa7 $14 Bxd5 25. Rxd5 Rxd5 26. Rxd5 Qc6 27. Qa5 e4 (27... Ra8 $1 $14 28. Qb5 (28. Qxa8 Qxd5 29. Qc8 e4 $14) 28... Rxa2) 28. Nd4 $16 Nxd4 29. Rxd4 e3 30. fxe3 Rxe3 31. Qd5 Qa6 (31... Re2 $16) 32. Qd7+ $18 Kh6 $2 {[#]} (32... Kg8 $18 33. Qd8+ Kg7 34. Qc7+ Kf8 35. Rd8+ Re8 36. Qc5+ Kf7 37. Qd5+ Qe6) 33. Rh4+ {Accuracy: White = 58%, Black = 29%.} 1-0

[Event "44th BAN-ch OMICON 2018"]
[Site "Dhaka"]
[Date "2018.11.25"]
[Round "2"]
[White "Reefat, Bin-Sattar"]
[Black "Hossain, Showkat Pollab"]
[Result "1/2-1/2"]
[WhiteElo "2437"]
[BlackElo "2119"]
[Annotator "NA RC"]
[PlyCount "32"]
[EventDate "2018.11.24"]
[EventType "swiss"]
[EventCountry "BAN"]
[SourceTitle "playchess.com"]
[Source "ChessBase"]
[SourceQuality "1"]
[TimeControl "40/5400+30:1800+30"]

1. e4 {[%emt 0:02:22]} c5 {[%emt 0:10:33]} 2. b3 {[%emt 0:00:43]} Nf6 {[%emt 0:01:25]} 3. e5 {[%emt 0:00:06]} Nd5 {[%emt 0:00:04]} 4. Nf3 {[%emt 0:00:57]} Nc6 {[%emt 0:02:33]} 5. Bb2 {[%emt 0:00:11]} d6 {[%emt 0:05:01]} 6. Bb5 {[%emt 0:01:16]} Bg4 {[%emt 0:03:58]} 7. h3 {[%emt 0:09:49]} Bh5 {[%emt 0:00:53]} 8. Nc3 {[%emt 0:07:30]} Nxc3 {[%emt 0:01:32]} 9. Bxc3 {[%emt 0:21:01]} (9. Bxc6+ $5 bxc6 10. Bxc3 $11 (10. dxc3 e6 $11)) 9... Qb6 $11 {[%emt 0:05:37]} 10. Qe2 {[%emt 0:14:15]} a6 {[%emt 0:03:50]} 11. Bc4 {[%emt 0:05:23]} O-O-O {[%emt 0:03:08]} 12. g4 {[%emt 0:14:46]} Bg6 {[%emt 0:00:53]} 13. Ng5 {[%emt 0:02:56]} d5 {[%emt 0:09:12]} 14. Bd3 {[%emt 0:00:03]} h6 {[%emt 0:00:20]} 15. Bxg6 {[%emt 0:00:29]} hxg5 {[%emt 0:00:15]} 16. Bxf7 {[%emt 0:00:28]} d4 {[%emt 0:00:49]} 1/2-1/2

[Event "44th BAN-ch OMICON 2018"]
[Site "Dhaka"]
[Date "2018.11.25"]
[Round "2"]
[White "Mohammad Minhaz Uddin"]
[Black "Mohammad Fahad, Rahman"]
[Result "1/2-1/2"]
[WhiteElo "2290"]
[BlackElo "2381"]
[Annotator "NA"]
[PlyCount "56"]
[EventDate "2018.11.24"]
[EventType "swiss"]
[EventCountry "BAN"]
[SourceTitle "playchess.com"]
[Source "ChessBase"]
[SourceQuality "1"]
[TimeControl "40/5400+30:1800+30"]

1. e4 {[%emt 0:00:00]} c5 {[%emt 0:00:00]} 2. Nf3 {[%emt 0:00:00]} d6 {[%emt 0:00:00]} 3. d4 {[%emt 0:00:00]} cxd4 {[%emt 0:00:00]} 4. Nxd4 {[%emt 0:00:00]} Nf6 {[%emt 0:00:00]} 5. Nc3 {[%emt 0:00:00]} a6 {[%emt 0:00:00]} 6. Be2 {[%emt 0:00:01]} e5 {[%emt 0:00:06]} 7. Nb3 {[%emt 0:00:09]} Be6 {[%emt 0:00:15]} 8. O-O {[%emt 0:00:20]} Be7 {[%emt 0:00:43]} 9. Kh1 {[%emt 0:00:24]} b5 {[%emt 0:00:28] B92: Sicilian Najdorf: 6 Be2} (9... Nbd7 10. f4 Rc8 11. a4 O-O 12. Be3 Re8 13. f5 Bc4 14. a5 h6 15. Ra4 Bxe2 16. Qxe2 Rc6 17. Rd1 Qc7 18. Nc1 Rc8 19. Nd3 Rc4 20. Nb4 Qd8 21. Bg1 Bf8 {½-½ (21) Panarin,M (2521)-Ivanisevic,I (2630) Sarajevo 2010}) 10. f4 {[%emt 0:04:41]} Nbd7 {[%emt 0:01:13]} 11. a4 {[%emt 0:10:11]} b4 {[%emt 0:07:32]} 12. Nd5 {[%emt 0:00:03]} Bxd5 {[%emt 0:07:01]} 13. exd5 {[%emt 0:00:11]} Nb6 $146 {[%emt 0:01:04]} ({Predecessor:} 13... Qc7 14. a5 O-O 15. Be3 Qb7 16. fxe5 Nxe5 17. Bg5 Nxd5 18. Bxe7 {0-1 (53) Savova,S (2213)-Nikolova,A (2167) Sunny Beach 2006}) 14. a5 {[%emt 0:00:31]} Nbxd5 {[%emt 0:01:56]} 15. Bf3 {[%emt 0:00:07]} e4 {[%emt 0:00:07]} 16. Bxe4 {[%emt 0:00:11]} Nxe4 {[%emt 0:00:07]} 17. Qxd5 {[%emt 0:00:04]} Nf6 {[%emt 0:00:11]} 18. Qc6+ {[%emt 0:03:20]} Nd7 {[%emt 0:02:10]} 19. Ra4 {[%emt 0:07:35]} O-O {[%emt 0:07:52]} 20. Rxb4 {[%emt 0:01:18]} d5 {[%emt 0:03:34]} 21. Rb7 {[%emt 0:02:34]} Nf6 {[%emt 1:06:11]} 22. Be3 {[%emt 0:03:23]} Re8 {[%emt 0:02:32]} 23. Bd4 {[%emt 0:02:27]} Bd6 $16 {[%emt 0:01:13]} 24. Rb6 {[%emt 0:07:09]} Ne4 {[%emt 0:04:51]} 25. g3 {[%emt 0:16:35]} Bc7 {[%emt 0:04:32]} 26. Rxa6 {[%emt 0:04:39]} Nxg3+ {[%emt 0:00:59]} 27. hxg3 {[%emt 0:00:33]} Qc8 {[%emt 0:00:05]} 28. Rxa8 {[%emt 0:22:34]} Qh3+ {[%emt 0:00:10]} 1/2-1/2

[Event "44th BAN-ch OMICON 2018"]
[Site "Dhaka"]
[Date "2018.11.25"]
[Round "2"]
[White "Islam, Kh. Aminul"]
[Black "S M Sharon"]
[Result "1/2-1/2"]
[WhiteElo "2253"]
[BlackElo "2123"]
[Annotator "NA"]
[PlyCount "47"]
[EventDate "2018.11.24"]
[EventType "swiss"]
[EventCountry "BAN"]
[SourceTitle "playchess.com"]
[Source "ChessBase"]
[SourceQuality "1"]
[TimeControl "40/5400+30:1800+30"]

1. c4 {[%emt 0:00:00]} d6 {[%emt 0:17:33]} 2. Nc3 {[%emt 0:00:01]} e5 {[%emt 0:01:04]} 3. g3 {[%emt 0:00:42]} g6 {[%emt 0:06:20]} 4. d3 {[%emt 0:06:43]} Bg7 {[%emt 0:01:05]} 5. h4 {[%emt 0:00:41]} Ne7 {[%emt 0:09:11]} 6. e4 {[%emt 0:05:55]} h5 {[%emt 0:01:51]} 7. Bh3 {[%emt 0:00:16]} Nd7 {[%emt 0:02:19]} 8. Nf3 {[%emt 0:01:37]} c6 {[%emt 0:03:43]} 9. Be3 {[%emt 0:01:57]} O-O {[%emt 0:09:42]} 10. Kf1 {[%emt 0:17:17]} Nf6 {[%emt 0:04:28]} 11. Bxc8 {[%emt 0:00:50]} Nxc8 {[%emt 0:05:33]} 12. Bg5 {[%emt 0:03:32]} Qb6 {[%emt 0:01:09]} 13. Qe2 {[%emt 0:01:08]} Ng4 {[%emt 0:01:57]} 14. Nh2 {[%emt 0:01:07]} f6 {[%emt 0:02:06]} 15. Bc1 {[%emt 0:02:59]} f5 {[%emt 0:04:47]} 16. f3 {[%emt 0:12:39]} fxe4 {[%emt 0:03:35]} 17. dxe4 {[%emt 0:01:05]} Ne7 {[%emt 0:01:59]} 18. Kg2 {[%emt 0:00:50]} Nxh2 {[%emt 0:04:19]} 19. Kxh2 {[%emt 0:01:35]} d5 {[%emt 0:01:23]} 20. Kg2 {[%emt 0:06:38]} Qa6 {[%emt 0:06:50]} 21. cxd5 {[%emt 0:17:40]} Qxe2+ {[%emt 0:00:36]} 22. Nxe2 {[%emt 0:00:11]} cxd5 {[%emt 0:00:11]} 23. exd5 {[%emt 0:04:44]} Nxd5 {[%emt 0:00:16]} 24. Rd1 {[%emt 0:02:12]} 1/2-1/2

[Event "44th BAN-ch OMICON 2018"]
[Site "Dhaka"]
[Date "2018.11.25"]
[Round "2"]
[White "Abu Sufian, Shakil"]
[Black "Swadhin, Sarkar"]
[Result "1-0"]
[WhiteElo "2230"]
[BlackElo "1875"]
[Annotator "NA"]
[PlyCount "61"]
[EventDate "2018.11.24"]
[EventType "swiss"]
[EventCountry "BAN"]
[SourceTitle "playchess.com"]
[Source "ChessBase"]
[SourceQuality "1"]
[TimeControl "40/5400+30:1800+30"]

1. e4 {[%emt 0:00:00]} g6 {[%emt 0:00:04]} 2. d4 {[%emt 0:00:00]} Bg7 {[%emt 0:00:07]} 3. Nc3 {[%emt 0:00:00]} d5 {[%emt 0:00:39]} 4. exd5 {[%emt 0:03:54]} Nf6 $14 {[%emt 0:00:19]} 5. Bb5+ {[%emt 0:13:43]} Nbd7 {[%emt 0:03:26]} 6. Nf3 {[%emt 0:05:20]} O-O {[%emt 0:00:36]} 7. O-O {[%emt 0:01:22]} Nb6 {[%emt 0:01:02]} 8. Re1 {[%emt 0:02:23]} a6 {[%emt 0:05:03]} 9. Bf1 {[%emt 0:01:28]} Nbxd5 {[%emt 0:01:07]} 10. Nxd5 {[%emt 0:00:19]} Nxd5 {[%emt 0:00:04]} 11. c4 {[%emt 0:00:42]} Nf6 {[%emt 0:00:39]} 12. h3 {[%emt 0:00:52]} Bf5 {[%emt 0:07:13]} 13. Bf4 {[%emt 0:01:38]} Re8 {[%emt 0:12:16]} 14. Be5 {[%emt 0:03:39]} Be4 {[%emt 0:03:39]} 15. Ng5 {[%emt 0:04:51]} Bc6 {[%emt 0:00:52]} 16. d5 {[%emt 0:02:17]} Bd7 {[%emt 0:00:17]} 17. Qb3 {[%emt 0:01:51]} h6 {[%emt 0:02:47]} 18. Nf3 {[%emt 0:00:24]} Bc8 {[%emt 0:05:54]} 19. Rad1 {[%emt 0:01:35]} Nd7 {[%emt 0:02:34]} 20. Bxg7 {[%emt 0:00:28]} Kxg7 {[%emt 0:00:10]} 21. c5 {[%emt 0:08:08]} Nf8 {[%emt 0:04:46]} 22. Qc3+ {[%emt 0:06:30]} Kg8 {[%emt 0:02:46]} 23. b4 {[%emt 0:02:06]} Qd7 {[%emt 0:01:44]} 24. Ne5 {[%emt 0:03:35]} Qf5 {[%emt 0:01:42]} 25. Ng4 {[%emt 0:01:55]} Qh5 {[%emt 0:02:11]} 26. Rxe7 {[%emt 0:08:18]} Bxg4 {[%emt 0:01:20]} 27. hxg4 {[%emt 0:00:06]} Qxg4 {[%emt 0:07:00]} 28. Rde1 {[%emt 0:00:20]} Rxe7 {[%emt 0:01:13]} 29. Rxe7 {[%emt 0:00:02]} Qf5 {[%emt 0:02:42]} 30. Rxc7 {[%emt 0:06:00]} Qxd5 {[%emt 0:00:28]} 31. Qc4 {[%emt 0:00:28]} 1-0

[Event "44th BAN-ch OMICON 2018"]
[Site "Dhaka"]
[Date "2018.11.25"]
[Round "2"]
[White "Mehdi Hasan Parag"]
[Black "Rahman, Ziaur"]
[Result "1-0"]
[WhiteElo "2218"]
[BlackElo "2468"]
[Annotator "RC"]
[PlyCount "139"]
[EventDate "2018.11.24"]
[EventType "swiss"]
[EventCountry "BAN"]
[SourceTitle "playchess.com"]
[Source "ChessBase"]
[SourceQuality "1"]
[TimeControl "40/5400+30:1800+30"]

1. e4 {[%emt 0:00:00]} c6 {[%emt 0:00:46]} 2. d4 {[%emt 0:00:13]} d5 {[%emt 0:00:05]} 3. e5 {[%emt 0:00:14]} c5 {[%emt 0:00:22]} 4. dxc5 {[%emt 0:00:03]} e6 {[%emt 0:00:08]} 5. Nf3 {[%emt 0:00:44]} Bxc5 {[%emt 0:00:13]} 6. Bd3 {[%emt 0:00:20]} Ne7 {[%emt 0:00:12]} 7. O-O {[%emt 0:00:23]} Ng6 {[%emt 0:00:09]} 8. a3 {[%emt 0:01:17]} Nd7 {[%emt 0:01:09]} 9. Re1 {[%emt 0:00:40]} O-O {[%emt 0:06:24]} 10. c4 {[%emt 0:03:51]} dxc4 {[%emt 0:01:34]} 11. Bxc4 {[%emt 0:00:54]} Ndxe5 {[%emt 0:04:51]} 12. Qe2 {[%emt 0:02:27]} Nxc4 {[%emt 0:04:51]} 13. Qxc4 {[%emt 0:00:04]} Qb6 {[%emt 0:02:04]} 14. Qe2 {[%emt 0:00:35]} Bd7 {[%emt 0:00:43]} 15. Nc3 {[%emt 0:01:42]} Rac8 {[%emt 0:02:16]} 16. h4 {[%emt 0:01:46]} f6 {[%emt 0:15:39]} 17. h5 {[%emt 0:04:34]} Ne7 {[%emt 0:00:27]} 18. Rd1 {[%emt 0:10:03]} Be8 {[%emt 0:08:04]} 19. h6 {[%emt 0:01:05]} Nf5 {[%emt 0:02:12]} 20. hxg7 {[%emt 0:01:31]} Kxg7 {[%emt 0:00:51]} 21. Ne4 {[%emt 0:02:28]} Ba4 {[%emt 0:07:44]} 22. b3 {[%emt 0:03:26]} Bb5 {[%emt 0:04:29]} 23. Qb2 {[%emt 0:01:54]} Bc6 {[%emt 0:01:25]} 24. Nxc5 {[%emt 0:06:17]} Qxc5 {[%emt 0:00:16]} 25. Bd2 {[%emt 0:08:27]} Rfe8 {[%emt 0:03:28]} 26. Bb4 {[%emt 0:04:21]} Qb5 {[%emt 0:01:13]} 27. Ne1 {[%emt 0:07:44]} e5 {[%emt 0:03:30]} 28. Bc3 {[%emt 0:04:35]} Bd5 {[%emt 0:01:25]} 29. Rd3 {[%emt 0:02:54]} Be4 {[%emt 0:03:49]} 30. Rh3 {[%emt 0:02:41]} Kh8 {[%emt 0:02:24]} 31. a4 {[%emt 0:01:00]} Qc6 {[%emt 0:02:25]} 32. Rc1 {[%emt 0:02:14]} Nd4 {[%emt 0:03:17]} 33. Rg3 {[%emt 0:04:22]} Bg6 {[%emt 0:01:15]} 34. Rd1 {[%emt 0:02:17]} Nf5 {[%emt 0:01:38]} 35. Rh3 {[%emt 0:01:33]} Ng7 {[%emt 0:01:33]} 36. Rc1 {[%emt 0:07:11]} Qd7 {[%emt 0:02:00]} 37. f4 {[%emt 0:03:03]} Kg8 {[%emt 0:04:41]} 38. fxe5 {[%emt 0:01:12]} fxe5 {[%emt 0:00:06]} 39. Nf3 {[%emt 0:01:05]} Qc7 {[%emt 0:01:52]} 40. Kh1 {[%emt 0:00:00]} e4 {[%emt 0:00:00]} 41. Nh4 {[%emt 0:03:54]} Qf4 {[%emt 0:10:33]} 42. Nxg6 {[%emt 0:02:38]} hxg6 {[%emt 0:00:17]} 43. Kg1 {[%emt 0:04:36]} Nh5 {[%emt 0:08:29]} 44. Rf1 {[%emt 0:01:07]} Qg5 {[%emt 0:00:19]} 45. b4 {[%emt 0:01:44]} Rcd8 {[%emt 0:02:04]} 46. Qa2+ {[%emt 0:04:24]} Qd5 {[%emt 0:00:10]} 47. Qe2 {[%emt 0:01:45]} Rf8 {[%emt 0:01:29]} 48. Re1 {[%emt 0:01:32]} Rf4 {[%emt 0:01:32]} 49. Qe3 {[%emt 0:03:16]} Rdf8 {[%emt 0:03:37]} 50. Qxa7 {[%emt 0:01:44]} Rg4 {[%emt 0:01:56]} 51. Qe3 {[%emt 0:03:51]} Rf7 {[%emt 0:04:19]} 52. Qe2 {[%emt 0:02:19]} Qe6 {[%emt 0:02:23]} 53. Rd1 {[%emt 0:00:46]} Kh7 {[%emt 0:03:11]} 54. a5 {[%emt 0:03:23]} Rd7 {[%emt 0:01:32]} 55. Rf1 {[%emt 0:00:23]} Kg8 {[%emt 0:00:40]} 56. Ba1 {[%emt 0:02:19]} Rf7 {[%emt 0:01:20]} 57. Rc1 {[%emt 0:02:15]} Ng7 {[%emt 0:01:39]} 58. Qc2 {[%emt 0:02:45]} Rgf4 {[%emt 0:01:00]} 59. b5 {[%emt 0:00:36]} Rf8 {[%emt 0:00:30]} 60. Qc3 {[%emt 0:00:24]} R4f7 {[%emt 0:00:22]} 61. Qe3 {[%emt 0:00:34]} Nh5 {[%emt 0:00:42]} 62. Qg5 {[%emt 0:00:57]} Rh7 {[%emt 0:00:10]} 63. a6 {[%emt 0:01:09]} Qb6+ {[%emt 0:00:41]} 64. Kh1 {[%emt 0:01:03]} Rf5 {[%emt 0:00:31]} 65. Qd2 {[%emt 0:01:10]} Ng3+ {[%emt 0:00:31]} 66. Kh2 {[%emt 0:00:22]} Rxh3+ {[%emt 0:00:32]} 67. Kxh3 {[%emt 0:00:03]} Qe6 {[%emt 0:00:55]} 68. Kxg3 {[%emt 0:00:18]} e3 {[%emt 0:00:05]} 69. Qd8+ {[%emt 0:00:26]} Rf8 {[%emt 0:00:01]} 70. Qd4 {[%emt 0:00:29]} 1-0